The languages of the world

Αποθηκεύτηκε σε:
Λεπτομέρειες βιβλιογραφικής εγγραφής
Κύριος συγγραφέας: Katzner, Kenneth
Μορφή: Βιβλίο
Γλώσσα:English
Δημοσίευση: London; New York : Routledge, [c2002]
Έκδοση:3rd ed.
Θέματα:
Ετικέτες: Προσθήκη ετικέτας
Δεν υπάρχουν, Καταχωρήστε ετικέτα πρώτοι!

MARC

LEADER 00000nam a2200000 i 4500
001 1/33808
008 060828s2002 eng d
020 |a 0-415-25004-8 (pbk.) 
035 |l 10085048 
040 |a GR-MY-UA  |b gre  |e aacr 
041 0 |a eng 
082 0 |a 401.2  |2 (22) 
100 1 |a Katzner, Kenneth. 
245 1 4 |a The languages of the world /  |c Kenneth Katzner 
250 |a 3rd ed. 
260 |a London; New York :   |b Routledge,   |c [c2002] 
300 |a x, 384 σ.;  |c 24 εκ. 
500 |a Περιλαμβάνει κείμενο σε κάθε γλώσσα με μετάφραση στα αγγλικά 
504 |a Βιβλιογραφία: σ. 369-375. Ευρετήριο 
650 0 0 |a Language and languages. 
852 |a INST  |b RHODES  |e 20060828  |h 401.2 KAT  |p 005400024284  |q 005400024284  |t BK  |y 0 
909 |a Ρ  |b 129118 
920 |a ΑΝΑΜΟΡΦΩΣΗ  |b ΕΠΕΑΕΚ ΙΙ-ΤΜΣ  |y ΡΟΔΟΣ  |z 2006-07 
970 |a ΚΟΖΑ  |b ΜΑΡΙΑ  |z 2006/08/28